| 000 | 00723nam a2200229Ii 4500 | ||
|---|---|---|---|
| 003 | JO-AjNU | ||
| 008 | 230605s9999||||xx |||||||||||||| ||und|| | ||
| 017 | _a2001/5/936 | ||
| 020 | _a9957-07-238-2 | ||
| 040 |
_aJO-AjNU _bara _erda _cJO-AjNU |
||
| 041 | _aara | ||
| 050 | 1 | 4 | _aRA790M8374 2001 |
| 100 | 3 |
_aعبدالله ، محمد قاسم, _eauthor _910736 |
|
| 245 | 0 | 0 | _aاتجاهات حديثة الصحة النفسية |
| 250 | _aط1 | ||
| 264 | 3 | 1 | _aعمان:دار الفكر ، 2012 |
| 300 | _a184ص | ||
| 336 |
_atext _btxt _2rdacontent |
||
| 337 |
_aunmediated _bn _2rdamedia |
||
| 338 |
_avolume _bnc _2rdacarrier |
||
| 650 | 4 |
_aعلم النفس الفسيولوجي - الصحة النفسية _910737 |
|
| 999 |
_aA1959 _c5527 _d5527 |
||